Atlas en color de prótesis parcial removible (Registro nro. 523)

Detalles MARC
000 -Cabecera
Campo de control de longitud fija 00751aam a2200289 4500
005 - Fecha y hora de la última transacción
Campo de control 20260427144656.0
008 - Elementos de longitud fija--Información general
Campo de control de longitud fija 150805b1992 xxu||||| |||| 00| 0 spa d
020 ## - International Standard Book Number
Número Internacional Estándar del Libro (ISBN) 0723418845
041 ## - Idioma
Código de idioma Español
082 ## - Clasificación Decimal Dewey
Número de clasificación 617.692 D247a
100 ## - Entrada principal--Autor personal
Nombre personal Davenport , John
100 ## - Entrada principal--Autor personal
Nombre personal Basker, Robin
100 ## - Entrada principal--Autor personal
Nombre personal Heath, John
100 ## - Entrada principal--Autor personal
Nombre personal Ralph, James
245 ## - Título propiamente dicho
Título Atlas en color de prótesis parcial removible
260 ## - Pie de imprenta
Lugar de publicación, distribución, etc. Estados Unidos
260 ## - Pie de imprenta
Nombre del editor, distribuidor, etc. Mosby-Year Book-Wolge Publishing
260 ## - Pie de imprenta
Fecha de publicación, distribución, etc. 1992
300 ## - Descripción física
Extensión 199 páginas
300 ## - Descripción física
Otras características físicas Ilustraciones a color
490 ## - Serie
Título de la Serie Mecánica Dental
650 ## - Materia general
Temática (materia general) PRÓTESIS DENTAL
650 ## - Materia general
Temática (materia general) PRÓTESIS PARCIAL REMOVIBLE
650 ## - Materia general
Temática (materia general) PROSTODONCIA
650 ## - Materia general
Temática (materia general) PERIODONCIA
942 ## - Punto de acceso adicional KOHA
Tipo de ítem KOHA Libro
Fuente del sistema de clasificación o colocación Dewey Decimal Classification
Existencias
Signatura completa Código de barras Programa Académico Tipo de ítem
617.692 D247a 2594 Mecánica Dental Libro
617.692 D247a 3446 Mecánica Dental Libro